[Event "Dutch League 2023-24"]
[Site "Netherlands NED"]
[Date "2023.09.16"]
[Round "1.5"]
[White "Van Kerkhof, David"]
[Black "Agter, Frank"]
[Result "1-0"]
[WhiteTitle "FM"]
[WhiteElo "2350"]
[BlackElo "2244"]
[WhiteTeam "Paul Keres"]
[BlackTeam "De Waagtoren"]
[WhiteFideId "1012827"]
[BlackFideId "1017349"]
[EventDate "2023.09.16"]
[EventType "team-tourn"]

1. c4 c5 2. Nc3 Nc6 3. Nf3 g6 4. e3 Nf6 5. d4 cxd4 6. exd4 d5 7. cxd5 Nxd5 8.
Bc4 Nxc3 9. Qb3 Nd5 10. Bxd5 e6 11. Bxc6+ bxc6 12. O-O Qd5 13. Be3 f6 14. Nd2
Kf7 15. f3 Be7 16. Rfc1 Bd7 17. Qc3 Rhd8 18. Ne4 Rab8 19. Rc2 Be8 20. Qe1 Kg8
21. b3 e5 22. dxe5 Qxe5 23. Bxa7 Rb7 24. Bf2 Ra8 25. Rd1 Bb4 26. Qf1 Be7 27. Bd4
Qf5 28. Re1 Rb5 29. Qf2 Rd5 30. Rce2 Bf7 31. Kh1 Rad8 32. Bc5 Re8 33. Qh4 Re5
34. Bd4 g5 35. Qh6 Re6 36. Nxf6+ Bxf6 37. Bxf6 Qg6 38. Qxg6+ hxg6 39. Rxe6 Rxe6
40. Rxe6 Bxe6 41. Bxg5 Kf7 42. g4 Bd5 43. Kg2 Ke6 44. Kf2 Ke5 45. Ke3 Be6 46.
Bh6 Bd5 47. Bg7+ Kd6 48. Kf4 Ke6 49. Bc3 Kd6 50. h3 Ke6 51. Kg5 Kf7 52. f4 Bg2
53. h4 Be4 54. b4 Ke6 55. a4 Bd3 56. Bd4 Kf7 57. f5 gxf5 58. gxf5 Bc2 59. Be5
Bd3 60. h5 1-0

[Event "Dutch League 2023-24"]
[Site "Netherlands NED"]
[Date "2023.09.16"]
[Round "1.6"]
[White "Van Liempt, Michael"]
[Black "Lombaers, Peter"]
[Result "0-1"]
[BlackTitle "FM"]
[WhiteElo "2126"]
[BlackElo "2359"]
[WhiteTeam "De Waagtoren"]
[BlackTeam "Paul Keres"]
[WhiteFideId "1012665"]
[BlackFideId "1032852"]
[EventDate "2023.09.16"]
[EventType "team-tourn"]

1. d4 Nf6 2. Bg5 d5 3. Bxf6 exf6 4. e3 c6 5. g3 Nd7 6. Bg2 f5 7. Ne2 Bd6 8. O-O
h5 9. c4 dxc4 10. Qc2 Nb6 11. Nd2 Be6 12. e4 fxe4 13. Nxe4 h4 14. Rfe1 Kf8 15.
Nc5 Qe7 16. Nf4 Bxf4 17. gxf4 h3 18. Bf3 Qf6 19. Qc3 Rh4 20. Nxb7 Rxf4 21. Bxc6
Nd5 22. Bxd5 Bxd5 23. Qxh3 Kg8 24. Nc5 Qxd4 25. Qe3 Rg4+ 26. Kf1 Bg2+ 27. Kg1
Bf3+ 28. Kf1 Rg1+ 0-1

[Event "Dutch League 2023-24"]
[Site "Netherlands NED"]
[Date "2023.09.16"]
[Round "1.7"]
[White "Smeets, Kobe"]
[Black "Keetman, Maaike"]
[Result "1-0"]
[WhiteTitle "FM"]
[BlackTitle "WFM"]
[WhiteElo "2274"]
[BlackElo "2118"]
[WhiteTeam "Paul Keres"]
[BlackTeam "De Waagtoren"]
[WhiteFideId "1063910"]
[BlackFideId "1033697"]
[EventDate "2023.09.16"]
[EventType "team-tourn"]

1. e4 e6 2. d4 d5 3. Nd2 c5 4. Ngf3 cxd4 5. Nxd4 Nc6 6. Bb5 Bd6 7. Nxc6 bxc6 8.
Bd3 Bd7 9. Qe2 Qc7 10. Nf3 e5 11. exd5 cxd5 12. Nxe5 Bxe5 13. f4 f6 14. fxe5
Qxe5 15. O-O Ne7 16. Qf2 Kf7 17. Re1 Qd6 18. Bf4 Qb6 19. Be3 Qc7 20. Bc5 Nc6 21.
c4 dxc4 22. Be4 Rhe8 23. Bd5+ Be6 24. Rxe6 Rxe6 25. Re1 Re8 26. Qf5 Qd7 27. Qh5+
Kg8 28. Qxe8+ Qxe8 29. Rxe6 1-0

[Event "Dutch League 2023-24"]
[Site "Netherlands NED"]
[Date "2023.09.16"]
[Round "1.8"]
[White "Konijn, Rob"]
[Black "Ondersteijn, Niels"]
[Result "1-0"]
[BlackTitle "IM"]
[WhiteElo "2110"]
[BlackElo "2363"]
[WhiteTeam "De Waagtoren"]
[BlackTeam "Paul Keres"]
[WhiteFideId "1011278"]
[BlackFideId "1011162"]
[EventDate "2023.09.16"]
[EventType "team-tourn"]

1. e4 d6 2. d4 Nf6 3. Nc3 g6 4. f4 Bg7 5. Nf3 O-O 6. Be3 b6 7. Bd3 c5 8. dxc5
bxc5 9. e5 Ng4 10. Bg1 Nc6 11. Be4 Qb6 12. h3 Nh6 13. Qd2 Rd8 14. O-O-O Rb8 15.
b3 Nf5 16. Na4 Qc7 17. Bxc6 Qxc6 18. Bxc5 Ng3 19. Rhe1 Ne4 20. Qa5 Bb7 21. Nd4
Qc8 22. Bxa7 Ra8 23. Nb6 Rxa7 24. Qxa7 Qc3 25. Kb1 Nd2+ 26. Kc1 dxe5 27. Na4 Qc7
28. Nb5 Qd7 29. Qa5 Ra8 30. Rxd2 Rxa5 31. Rxd7 Rxb5 32. c4 Rb4 33. Nc5 Bc6 34.
Rc7 Rb6 35. fxe5 Bh6+ 36. Kc2 Bxg2 37. a4 Bxh3 38. Rxe7 Bf8 39. Re8 Kg7 40. Nd3
Bf5 41. Rd1 h5 42. Kc3 h4 43. c5 Ra6 44. Kc4 h3 45. Kb5 Ra7 46. c6 h2 47. Nf2
Be7 48. Kb6 Bg5 49. Kxa7 Be3+ 50. Kb8 Bxf2 51. Rh1 Bg3 52. c7 g5 53. a5 f6 54.
a6 Kf7 55. a7 Kxe8 56. a8=Q Bxe5 57. Qc6+ Bd7 58. Qd5 g4 59. Kb7 g3 60. c8=Q+ 1-0

[Event "Dutch League 2023-24"]
[Site "Netherlands NED"]
[Date "2023.09.16"]
[Round "1.9"]
[White "Breukelman, Jan"]
[Black "Geerke, Daan"]
[Result "1-0"]
[WhiteTitle "FM"]
[WhiteElo "2411"]
[BlackElo "2071"]
[WhiteTeam "Paul Keres"]
[BlackTeam "De Waagtoren"]
[WhiteFideId "1015583"]
[BlackFideId "1304526"]
[EventDate "2023.09.16"]
[EventType "team-tourn"]

1. c4 Nf6 2. g3 g6 3. Bg2 d5 4. cxd5 Nxd5 5. Nc3 Nxc3 6. bxc3 c5 7. Qb3 Qc7 8.
d4 Nc6 9. Nf3 Na5 10. Qd1 Bg7 11. Bf4 Qb6 12. h4 Bf5 13. Ne5 Bxe5 14. Bxe5 f6
15. dxc5 Qa6 16. Bc7 Nc6 17. Bd5 Rc8 18. Bf4 Qa5 19. Qb3 Nd4 20. Bf7+ 1-0

[Event "Dutch League 2023-24"]
[Site "Netherlands NED"]
[Date "2023.09.16"]
[Round "1.10"]
[White "Bakker, Tycho"]
[Black "Kokje, Joris"]
[Result "0-1"]
[BlackTitle "FM"]
[WhiteElo "1940"]
[BlackElo "2288"]
[WhiteTeam "De Waagtoren"]
[BlackTeam "Paul Keres"]
[WhiteFideId "1077023"]
[BlackFideId "1051024"]
[EventDate "2023.09.16"]
[EventType "team-tourn"]

1. d4 Nf6 2. c4 g6 3. Nc3 Bg7 4. e4 d6 5. Be2 O-O 6. Nf3 e5 7. O-O Nc6 8. d5 Ne7
9. b4 Ne8 10. a4 f5 11. a5 Nf6 12. Re1 fxe4 13. Ng5 Nf5 14. Ngxe4 Nd4 15. Bf1
Nxe4 16. Nxe4 Bf5 17. Ra2 Qd7 18. Bd3 c6 19. a6 Rab8 20. Qa4 Qc7 21. Be3 b5 22.
Qd1 bxc4 23. g4 cxd3 24. gxf5 cxd5 25. Ng5 Rxf5 26. Qxd3 Rxb4 27. Rc1 Rc4 28.
Rb1 h6 29. Rb7 Qc6 30. Rxa7 hxg5 31. Rb7 Nf3+ 32. Kh1 Rc1+ 33. Kg2 Rg1+ 34. Kh3
g4# 0-1

[Event "Dutch League 2023-24"]
[Site "Netherlands NED"]
[Date "2023.10.07"]
[Round "2.1"]
[White "Slagboom, Leandro"]
[Black "Lecomte, Robin"]
[Result "1-0"]
[WhiteTitle "FM"]
[WhiteElo "2326"]
[BlackElo "2233"]
[WhiteTeam "Groninger Combinatie"]
[BlackTeam "Charlois Europoort"]
[WhiteFideId "1065882"]
[BlackFideId "1037170"]
[EventDate "2023.09.16"]
[EventType "team"]

1. e4 c5 2. Nf3 e6 3. d4 cxd4 4. Nxd4 Nc6 5. Nc3 Qc7 6. Be2 a6 7. Nxc6 bxc6 8.
Qd3 Nf6 9. Qg3 Qxg3 10. hxg3 d5 11. g4 Nxe4 12. Nxe4 dxe4 13. Be3 e5 14. O-O-O
Be7 15. g5 Bf5 16. g4 Be6 17. Rh3 a5 18. a4 Rd8 19. Rdh1 Kf8 20. Rxh7 Rxh7 21.
Rxh7 Kg8 22. Rh1 g6 23. c3 Rb8 24. Bd1 Kg7 25. Bc2 Bd5 26. Re1 Rh8 27. b3 Ba3+
28. Kb1 Rc8 29. Bd2 Bc5 30. c4 Bxf2 31. Re2 Bb6 32. cxd5 cxd5 33. b4 axb4 34.
Bxb4 Bd8 35. Bd6 Bxg5 36. Bxe5+ f6 37. Bb2 Kf7 38. Bb3 1-0

[Event "Dutch League 2023-24"]
[Site "Netherlands NED"]
[Date "2023.10.07"]
[Round "2.7"]
[White "Wedda, Dries"]
[Black "Praet, Maarten"]
[Result "1-0"]
[WhiteElo "2177"]
[BlackElo "2200"]
[WhiteTeam "Groninger Combinatie"]
[BlackTeam "Charlois Europoort"]
[WhiteFideId "1053787"]
[BlackFideId "201294"]
[EventDate "2023.09.16"]
[EventType "team"]

1. d4 Nf6 2. c4 e6 3. Nf3 d5 4. g3 dxc4 5. Bg2 c5 6. O-O Nc6 7. Qa4 Bd7 8. Qxc4
b5 9. Qc3 c4 10. a4 Nd5 11. Qc2 a6 12. axb5 axb5 13. Rxa8 Qxa8 14. Nc3 Ncb4 15.
Qd2 Bd6 16. Ne4 Qb8 17. Nxd6+ Qxd6 18. Ne5 Bc6 19. e4 Nf6 20. Nxc6 1-0

[Event "Dutch League 2023-24"]
[Site "Netherlands NED"]
[Date "2023.10.07"]
[Round "2.8"]
[White "Geirnaert, Steven"]
[Black "Hilwerda, Jonas"]
[Result "1-0"]
[WhiteTitle "IM"]
[BlackTitle "FM"]
[WhiteElo "2446"]
[BlackElo "2248"]
[WhiteTeam "Charlois Europoort"]
[BlackTeam "Groninger Combinatie"]
[WhiteFideId "203866"]
[BlackFideId "1046713"]
[EventDate "2023.09.16"]
[EventType "team"]

1. d4 Nf6 2. c4 e6 3. Nc3 Bb4 4. e3 O-O 5. Bd3 d5 6. cxd5 exd5 7. Ne2 Re8 8. Bd2
b6 9. Rc1 Bf8 10. O-O Bb7 11. Nf4 c5 12. Qf3 Na6 13. Ncxd5 Nxd5 14. Nxd5 Bxd5
15. Qh3 Be4 16. Bxa6 Re6 17. f3 Rh6 18. Qxh6 gxh6 19. fxe4 cxd4 20. Bc4 dxe3 21.
Bc3 Qd7 22. Rxf7 Qxf7 23. Bd4 Re8 24. Bxf7+ Kxf7 25. Rc7+ Kg8 26. e5 e2 27. Kf2
Bd6 28. Rxa7 Bxe5 29. Bxe5 Rxe5 30. Ke1 Rg5 31. Re7 Rxg2 32. Rxe2 Rg4 33. Re3
Kf7 34. Rb3 Rg6 35. Ke2 Ke7 36. Kd3 Kd7 37. Kc4 Kc6 38. Rh3 Rg4+ 39. Kb3 Rg6 40.
Rh5 Rf6 41. Ka4 Rf4+ 42. b4 Rf6 43. Rh3 Kb7 44. Re3 Rf2 45. Re7+ Kc6 46. Re6+
Kb7 47. Rxh6 Rf7 48. Rh4 Re7 49. b5 Rf7 50. Kb4 Rc7 51. a4 Rd7 52. a5 bxa5+ 53.
Kxa5 Rf7 54. Rh6 Rg7 55. h4 Re7 56. Rf6 Rg7 57. h5 Re7 58. h6 1-0

[Event "Dutch League 2023-24"]
[Site "Netherlands NED"]
[Date "2023.10.07"]
[Round "2.4"]
[White "Smeets, Kobe"]
[Black "Willemze, Thomas"]
[Result "1/2-1/2"]
[WhiteTitle "FM"]
[BlackTitle "IM"]
[WhiteElo "2274"]
[BlackElo "2317"]
[WhiteTeam "Paul Keres"]
[BlackTeam "LSG IntelliMagic"]
[WhiteFideId "1063910"]
[BlackFideId "1007238"]
[EventDate "2023.09.16"]
[EventType "team"]

1. e4 c6 2. Nc3 d5 3. Nf3 g6 4. d4 Bg7 5. h3 dxe4 6. Nxe4 Nf6 7. Nxf6+ exf6 8.
Bd3 O-O 9. O-O a5 10. c3 Na6 11. Bf4 Nc7 12. Re1 Nd5 13. Bh2 a4 14. Qd2 b5 15.
c4 bxc4 16. Bxc4 Be6 17. Rec1 Re8 18. Ne1 Nb6 19. Bf1 Bd5 20. Nd3 Nc4 21. Qc3
Nd6 22. Nc5 Ne4 23. Nxe4 Rxe4 24. Bd3 Re6 25. Re1 Bf8 26. Bc4 Ra7 27. Rxe6 fxe6
28. Rc1 Rb7 29. Bf4 g5 30. Bg3 Kf7 31. b3 Ba3 32. Rc2 Bxc4 33. bxc4 Rb1+ 34. Kh2
Bd6 35. Qd3 f5 36. Re2 Bxg3+ 37. fxg3 Rb7 38. Qe3 Re7 39. Qe5 a3 40. Rf2 Kg6 41.
Rf3 Qc7 42. Qh8 h5 43. Rxa3 h4 44. Re3 hxg3+ 45. Rxg3 Rg7 46. Qe8+ Kf6 47. Qf8+
Kg6 48. Qc5 Rh7 49. a4 g4 50. a5 Qf4 51. Qe5 Qxe5 52. dxe5 Ra7 53. Ra3 Kg5 54.
a6 f4 55. hxg4 Kxg4 56. Kg1 Kf5 57. Ra5 c5 58. Rxc5 Rxa6 59. Kf2 Ke4 60. Rb5
Ra2+ 61. Kg1 Rc2 62. Rc5 Kd4 63. Ra5 Rxc4 64. Kf2 Ke4 65. Rb5 Rc2+ 66. Kf1 Kf5
67. Rb3 Kg4 68. Rb6 Kf5 69. Rb3 Ke4 70. Rb5 Rc3 71. Kf2 Re3 72. Ra5 Kf5 73. Rb5
Rxe5 74. Rb3 Ra5 75. g3 Ra2+ 76. Ke1 e5 77. gxf4 e4 78. Rb5+ Kg4 79. Rb3 Rh2 80.
f5 Kxf5 81. Ra3 Kf4 82. Rb3 e3 83. Rb8 Ke5 1/2-1/2

[Event "Dutch League 2023-24"]
[Site "Netherlands NED"]
[Date "2023.11.04"]
[Round "3.1"]
[White "Fridman, Daniel"]
[Black "Ernst, Sipke"]
[Result "1/2-1/2"]
[WhiteTitle "GM"]
[BlackTitle "GM"]
[WhiteElo "2591"]
[BlackElo "2523"]
[WhiteTeam "HMC Den Bosch"]
[BlackTeam "Groninger Combinatie"]
[WhiteFideId "11600454"]
[BlackFideId "1004689"]
[EventDate "2023.09.16"]
[EventType "team"]

1. d4 d5 2. c4 c6 3. Nf3 Nf6 4. Qc2 g6 5. Bf4 dxc4 6. Qxc4 Bg7 7. Nc3 Be6 8. Qa4
Nd5 9. Be5 Bxe5 10. Nxe5 Nd7 11. Nxd7 Bxd7 12. e3 c5 13. Bb5 Nxc3 14. bxc3 a6
15. Bxd7+ Qxd7 16. Qxd7+ Kxd7 17. a4 Kc6 18. Kd2 b5 19. Kc2 Rhb8 20. Rhe1 Ra7
21. axb5+ Rxb5 22. Ra4 a5 23. Rea1 e6 24. R4a3 cxd4 25. exd4 e5 26. c4 Rb4 27.
Kd3 Kb6 28. dxe5 a4 29. e6 fxe6 30. Re1 Kc5 31. Re5+ Kd6 32. Re2 Rc7 33. Re4 Ra7
34. Kc3 Rb1 35. Rxa4 Rxa4 36. c5+ Kxc5 37. Rxa4 1/2-1/2

[Event "Dutch League 2023-24"]
[Site "Netherlands NED"]
[Date "2023.11.04"]
[Round "3.2"]
[White "Warakomski, Tomasz"]
[Black "Schoorl, Rob"]
[Result "1-0"]
[WhiteTitle "GM"]
[BlackTitle "FM"]
[WhiteElo "2539"]
[BlackElo "2341"]
[WhiteTeam "Groninger Combinatie"]
[BlackTeam "HMC Den Bosch"]
[WhiteFideId "1124552"]
[BlackFideId "1009508"]
[EventDate "2023.09.16"]
[EventType "team"]

1. e4 c5 2. Nf3 g6 3. c3 d5 4. e5 Nc6 5. d4 cxd4 6. cxd4 Bg4 7. Bb5 Rc8 8. O-O
Nh6 9. Nbd2 Nf5 10. h3 Bxf3 11. Nxf3 Qb6 12. Bxc6+ Rxc6 13. b3 h5 14. Bg5 f6 15.
exf6 exf6 16. Bf4 Kf7 17. Rc1 Ba3 18. Rxc6 Qxc6 19. Qd2 Re8 20. Qa5 Re4 21. Qxa3
Rxf4 22. Rc1 Qb6 23. Rc8 Nd6 24. Ra8 g5 25. Qc1 a6 26. h4 Nf5 27. Qc8 Nxd4 28.
Qe8+ Kg7 29. Qd7+ 1-0

[Event "Dutch League 2023-24"]
[Site "Netherlands NED"]
[Date "2023.11.04"]
[Round "3.3"]
[White "Ferreira, Jorge Viterbo"]
[Black "Carlstedt, Jonathan"]
[Result "1/2-1/2"]
[WhiteTitle "GM"]
[BlackTitle "IM"]
[WhiteElo "2522"]
[BlackElo "2427"]
[WhiteTeam "HMC Den Bosch"]
[BlackTeam "Groninger Combinatie"]
[WhiteFideId "1910850"]
[BlackFideId "24614386"]
[EventDate "2023.09.16"]
[EventType "team"]

1. c4 Nf6 2. g3 e5 3. Bg2 c6 4. Nf3 e4 5. Nd4 Qb6 6. Nb3 a5 7. d3 Bb4+ 8. Nc3 a4
9. Nd2 a3 10. Qb3 axb2 11. Bxb2 exd3 12. exd3 O-O 13. O-O Na6 14. Nde4 Nxe4 15.
Nxe4 Nc5 16. Nxc5 Qxc5 17. d4 Qe7 18. c5 Ba5 19. d5 Qg5 20. Bc3 cxd5 21. Rfd1
Bxc3 22. Qxc3 Ra6 23. Rxd5 Qh6 24. Rad1 Rxa2 25. Rd6 g6 26. Bd5 Ra6 27. Re1 Qg7
28. Qf3 Ra1 29. Rxa1 Qxa1+ 30. Kg2 Qe5 31. Rf6 Qe7 32. h4 Kg7 33. h5 gxh5 34.
Rf4 f6 35. Qxh5 Qe5 36. Rf5 Qd4 37. Rf4 Qe5 38. Qf3 Kh8 39. Rf5 Qe7 40. Rh5 d6
41. cxd6 Qxd6 42. Bxb7 Bd7 43. Be4 f5 44. Bd5 Qf6 45. Rh4 Be8 46. Rc4 Qe5 47.
Rf4 Bg6 48. Be4 Kg7 49. Bd3 Rf7 50. Rb4 Qd6 51. Rb5 f4 52. Bxg6 hxg6 53. g4 Rc7
54. Rd5 Qc6 55. Ra5 Kf6 56. Ra6 Qxa6 57. Qxf4+ Ke6 58. Qxc7 g5 59. Qc3 Qb7+ 60.
Qf3 Qb5 61. Qe4+ Kf6 62. Qd4+ Ke6 63. Kf3 Qa5 64. Qc4+ Kf6 65. Qc6+ Ke7 66. Qb7+
Kf6 67. Qc6+ Ke7 68. Qg6 Qc3+ 69. Kg2 Qc1 70. Qe4+ Kf6 71. Qf3+ Kg7 72. Qe4 Qc5
73. Kf3 Qc3+ 74. Ke2 Qb2+ 75. Kf1 Qc1+ 76. Qe1 Qc4+ 77. Qe2 Qc1+ 78. Kg2 Qc6+
79. Qf3 Qc5 80. Qb7+ Kf6 81. Qe4 Kg7 82. Qf3 Qb5 83. Qc3+ Kg6 84. Qd4 Qc6+ 85.
Kg3 Qc1 86. Kf3 Qh1+ 87. Ke2 Qc1 88. Qd2 Qc5 89. Qe3 Qc2+ 90. Kf3 Qd1+ 91. Qe2
Qb3+ 92. Kg2 Qd5+ 93. f3 Qc5 94. Qd2 Kf6 95. Kf1 Qb5+ 96. Kf2 Qb6+ 97. Qe3 Qb2+
98. Kg3 Qb8+ 99. Kg2 Qb2+ 100. Qf2 Qb5 101. Qd4+ Kf7 102. Kf2 Qa5 103. Qc4+ Kf6
104. Qc6+ Kf7 105. Ke3 Qe1+ 106. Kd3 Qb1+ 107. Kd4 Qb2+ 108. Ke4 Qb4+ 109. Kd3
Qb1+ 110. Kd4 Qb2+ 111. Qc3 Qb6+ 112. Qc5 Qf6+ 113. Ke3 Qe6+ 114. Kf2 Qa2+ 115.
Kg3 Qd2 116. Qc7+ Kf6 117. Qc6+ Kf7 118. Qc7+ Kf6 119. Qb6+ Kf7 120. Qf2 Qa5
121. f4 Qc3+ 122. Kg2 Qc6+ 123. Qf3 Qxf3+ 124. Kxf3 gxf4 125. Kxf4 Kf6 126. g5+
Kg6 127. Kg4 Kg7 128. Kf5 Kf7 129. g6+ Kg7 130. Kg5 Kg8 131. Kf6 Kf8 132. g7+
Kg8 133. Kg6 1/2-1/2

[Event "Dutch League 2023-24"]
[Site "Netherlands NED"]
[Date "2023.11.04"]
[Round "3.4"]
[White "De Boer, Eelke"]
[Black "Bosch, Jeroen"]
[Result "1-0"]
[WhiteTitle "FM"]
[BlackTitle "IM"]
[WhiteElo "2399"]
[BlackElo "2404"]
[WhiteTeam "Groninger Combinatie"]
[BlackTeam "HMC Den Bosch"]
[WhiteFideId "1048120"]
[BlackFideId "1001280"]
[EventDate "2023.09.16"]
[EventType "team"]

1. e4 Nc6 2. d4 e5 3. d5 Nce7 4. h4 h5 5. Bg5 g6 6. Nc3 f6 7. Be3 d6 8. Qd2 a6
9. Nge2 Nh6 10. f3 Nf7 11. O-O-O c5 12. Re1 Bg7 13. Nd1 b5 14. Nf2 f5 15. g3 b4
16. Bh3 O-O 17. Kb1 Rb8 18. c4 bxc3 19. Nxc3 Kh7 20. Qc2 Kh8 21. Bc1 Bd7 22. g4
Qc8 23. gxh5 gxh5 24. Reg1 f4 25. Bxd7 Qxd7 26. Nh3 Bf6 27. Ng5 Ng6 28. Qe2 Bxg5
29. hxg5 h4 30. Bd2 Kg7 31. Be1 Rh8 32. Rg4 Rh5 33. Qxa6 h3 34. Qf1 Rbh8 35. Qg1
Qe7 36. Nb5 Qb7 37. Qf1 Qe7 38. Qg1 Qb7 39. Qf1 Qe7 40. Ba5 Rxg5 41. Rxg5 Nxg5
42. Bc7 Qd7 43. Bxd6 h2 44. a4 Rh3 45. Bxc5 Nxf3 46. Qe2 Rg3 47. Ka2 Qh3 48. a5
Qd7 49. a6 Qd8 50. a7 Qa5+ 51. Na3 Nd4 52. Bxd4 exd4 53. Qxh2 Kf6 54. Rf1 Kg5
55. Rg1 Kg4 56. Qe2+ f3 57. Qf2 Rxg1 58. Qxg1+ Kf4 59. Qxd4 Ne5 60. Kb3 Ng4 61.
Qa4 Qb6+ 62. Ka2 f2 63. a8=Q Kg3 64. Q8a6 Qb8 65. Qd1 Qf4 66. Qad3+ Kh2 67. Q3f3 1-0

[Event "Dutch League 2023-24"]
[Site "Netherlands NED"]
[Date "2023.11.04"]
[Round "3.5"]
[White "Martens, Martin"]
[Black "Maatman, Nick"]
[Result "1/2-1/2"]
[WhiteTitle "IM"]
[BlackTitle "IM"]
[WhiteElo "2313"]
[BlackElo "2397"]
[WhiteTeam "HMC Den Bosch"]
[BlackTeam "Groninger Combinatie"]
[WhiteFideId "1000683"]
[BlackFideId "1040391"]
[EventDate "2023.09.16"]
[EventType "team"]

1. e4 e5 2. Bc4 Nf6 3. d3 c6 4. Nf3 d5 5. Bb3 Bb4+ 6. Bd2 Bxd2+ 7. Qxd2 O-O 8.
Nxe5 Qe7 9. f4 a5 10. a3 dxe4 11. d4 Be6 12. Bxe6 Qxe6 13. O-O Rd8 14. Qf2 c5
15. dxc5 Nbd7 16. Nxd7 Rxd7 17. Nc3 Qc4 18. h3 Re8 19. Rfe1 h6 20. Rad1 1/2-1/2

[Event "Dutch League 2023-24"]
[Site "Netherlands NED"]
[Date "2023.11.04"]
[Round "3.6"]
[White "Slagboom, Leandro"]
[Black "Van der Stricht, Geert"]
[Result "0-1"]
[WhiteTitle "FM"]
[BlackTitle "IM"]
[WhiteElo "2326"]
[BlackElo "2303"]
[WhiteTeam "Groninger Combinatie"]
[BlackTeam "HMC Den Bosch"]
[WhiteFideId "1065882"]
[BlackFideId "201324"]
[EventDate "2023.09.16"]
[EventType "team"]

1. e4 c5 2. Nf3 d6 3. d4 cxd4 4. Nxd4 Nf6 5. Nc3 a6 6. Be2 e5 7. Nb3 Be7 8. Be3
Be6 9. O-O O-O 10. Bf3 Nbd7 11. a4 Nb6 12. Nd2 Rc8 13. a5 Nc4 14. Nxc4 Rxc4 15.
Na4 Qc7 16. c3 Nd7 17. b4 Nf6 18. Qd3 Qc6 19. Bg5 Rd8 20. Rfd1 h6 21. Bxf6 Bxf6
22. Ra3 Qc7 23. Nb6 Rc6 24. Be2 g6 25. c4 Bg7 26. Nd5 Qd7 27. b5 Rc5 28. bxa6
bxa6 29. Rb1 f5 30. Rb6 fxe4 31. Qxe4 Bf5 32. Qe3 Ra8 33. h3 Ra7 34. Nb4 Bf8 35.
Nxa6 Rc8 36. Nb4 Qf7 37. Rc6 d5 38. c5 e4 39. a6 Bg7 40. Rxc8+ Bxc8 41. Nc6 Ra8
42. Qb3 Kh7 43. Ra4 Bd7 44. Bb5 Rf8 45. Ra2 Be6 46. Qg3 d4 47. Rd2 d3 48. Ne5
Qf5 49. Ng4 Qxc5 50. Ba4 Qa5 0-1

[Event "Dutch League 2023-24"]
[Site "Netherlands NED"]
[Date "2023.11.04"]
[Round "3.7"]
[White "Margarido, Jose Miguel Teixeira"]
[Black "Wempe, Joost"]
[Result "1-0"]
[BlackTitle "FM"]
[WhiteElo "2079"]
[BlackElo "2287"]
[WhiteTeam "HMC Den Bosch"]
[BlackTeam "Groninger Combinatie"]
[WhiteFideId "1914227"]
[BlackFideId "1005502"]
[EventDate "2023.09.16"]
[EventType "team"]

1. c4 Nf6 2. g3 c6 3. Nf3 d5 4. Bg2 Bg4 5. Ne5 Bh5 6. cxd5 cxd5 7. Nc3 e6 8.
Qa4+ Nbd7 9. g4 Bg6 10. h4 a6 11. Nxd7 Qxd7 12. Qxd7+ Kxd7 13. h5 Bc2 14. g5 Ne4
15. d3 Nxc3 16. bxc3 Bd6 17. Kd2 Ba4 18. e4 d4 19. cxd4 Rac8 20. Ke3 e5 21. Bh3+
Ke7 22. Bxc8 exd4+ 23. Ke2 Rxc8 24. Bd2 Ba3 25. Rhb1 b5 26. Bb4+ Bxb4 27. Rxb4
Rc2+ 28. Kf3 Rc3 29. Rxd4 1-0

[Event "Dutch League 2023-24"]
[Site "Netherlands NED"]
[Date "2023.11.04"]
[Round "3.8"]
[White "Van Foreest, Machteld"]
[Black "Mollema, Thomas"]
[Result "1-0"]
[WhiteTitle "FM"]
[BlackTitle "CM"]
[WhiteElo "2332"]
[BlackElo "2227"]
[WhiteTeam "Groninger Combinatie"]
[BlackTeam "HMC Den Bosch"]
[WhiteFideId "1051563"]
[BlackFideId "1034987"]
[EventDate "2023.09.16"]
[EventType "team"]

1. e4 e5 2. Nf3 Nf6 3. Nc3 Bb4 4. Nxe5 O-O 5. Be2 Re8 6. Nf3 Bxc3 7. dxc3 Nxe4
8. O-O d6 9. Re1 Nd7 10. Bc4 Nef6 11. Bg5 Rxe1+ 12. Qxe1 h6 13. Bh4 g5 14. Bg3
Nh5 15. Qe4 Nf8 16. Re1 c6 17. Bd3 Nxg3 18. fxg3 Bd7 19. Nd4 c5 20. Nf5 Bxf5 21.
Qxf5 d5 22. Re5 c4 23. Be2 Qb6+ 24. Qf2 Qd6 25. Rf5 Re8 26. Bh5 Ng6 27. Rxf7
Re1+ 28. Qxe1 Kxf7 29. Qf2+ Kg8 30. Qxa7 b6 31. Qa8+ Kg7 32. Qe8 Ne5 33. h3 g4
34. hxg4 Qc5+ 35. Kh1 Qe3 36. Qe7+ Kh8 37. Qd8+ Kg7 38. Qxd5 Qxg3 39. Qe4 Kf8
40. Kg1 Ke7 41. Kf1 b5 42. Qh7+ Kd8 43. Qxh6 Qh2 44. Qf8+ Kc7 45. Qf2 Kb7 46. b3
Qh1+ 47. Qg1 Qh4 48. Qc5 Qh1+ 49. Kf2 Qh2 50. Qxb5+ Ka7 51. Qc5+ Ka6 52. Qd6+
Kb7 53. Qd5+ Ka6 54. Qe6+ Kb7 55. Qe7+ Kc6 56. Qf6+ Kc7 57. bxc4 Nd7 58. Qd4
Qh4+ 59. Kf1 Qg5 60. Be8 Nf6 61. Bb5 Nxg4 62. Qd7+ Kb8 63. Qd6+ Kc8 64. Ba6# 1-0

[Event "Dutch League 2023-24"]
[Site "Netherlands NED"]
[Date "2023.11.04"]
[Round "3.9"]
[White "Dugarov, Alexei"]
[Black "Boer, Alef"]
[Result "1-0"]
[WhiteElo "2180"]
[BlackElo "2045"]
[WhiteTeam "HMC Den Bosch"]
[BlackTeam "Groninger Combinatie"]
[WhiteFideId "4185382"]
[BlackFideId "1007122"]
[EventDate "2023.09.16"]
[EventType "team"]

1. e4 e6 2. d4 d5 3. exd5 exd5 4. Nf3 Nf6 5. Bg5 Be7 6. Bd3 Nc6 7. O-O O-O 8. c3
h6 9. Bh4 Re8 10. Nbd2 Nh7 11. Bg3 Bd6 12. Qc2 Nf8 13. Rae1 Rxe1 14. Rxe1 Bxg3
15. hxg3 Be6 16. Nh4 Qd6 17. f4 Re8 18. Nf5 Qd8 19. Ne3 Bc8 20. Kf2 Ne7 21. Qa4
Nc6 22. b4 a6 23. Bxa6 g5 24. fxg5 hxg5 25. Bd3 Qf6+ 26. Nf3 Rd8 27. Kg1 Ne7 28.
Ne5 Qd6 29. Qd1 f6 30. N5g4 f5 31. Ne5 Nh7 32. Qh5 Rf8 33. Rf1 Nc6 34. Nxf5 1-0